000 01072nam a2200253 a 4500
001 BRCA_198
005 20190320202922.0
008 921214s1964####mx-a#####b---#001-0#spa-#
041 _aspa
044 _amx
050 4 _aRS169
_b.C78 1964
100 1 _aCruz, Martín de la
_9716
245 1 0 _aLibellus de medicinalibus indorum herbis
_bmanuscrito azteca de 1552 según traducción latina de Juan Badiano
_cMartín de la Cruz.
260 _aMéxico
_bIMSS
_c1964
300 _axii, 385 p.
_bil. a color
_c30 cm.
500 _aIncluye índice náhuatl, índice botánico, índice zoológico, índice de minerales, rocas, suelos y fósiles, materia médica y enfermedades
500 _aIncluye facsimil de: 1552, Actualmente en la biblioteca Apostolica Vaticana
650 1 4 _aMateria médica
_yTrabajos anteriores a 1800
_9717
650 1 4 _aBotánica
_xHistoria
_zMéxico
_9718
650 1 4 _aBotánica
_yTrabajos anteriores a 1800
_zMéxico
_9719
700 1 _aBandiano, Juan
_etr.
_9720
740 0 _aOpúsculo acerca de las hierbas medicinales de los indios
942 _2lcc
_cB
999 _c167
_d167